[Event "Julian Mazur Memorial"]
[Site "Wellington Chess Club"]
[Date "2017.08.31"]
[Round "7.02"]
[White "Timergazi, Layla"]
[Black "Ker, Anthony"]
[Result "0-1"]
[WhiteElo "2158"]
[BlackElo "2489"]

1. d4 Nf6 2. c4 e6 3. Nc3 Bb4 4. g3 c5 5. Nf3 b6 6. Bg2 Bb7 7. O-O Bxc3 8. bxc3
O-O 9. Bf4 d6 10. d5 exd5 11. Nh4 Nc6 12. Bxd5 Nxd5 13. cxd5 Ne5 14. Bxe5 dxe5
15. e4 g6 16. c4 f5 17. exf5 gxf5 18. Qh5 Qf6 19. Nf3 h6 20. Rfe1 Rae8 21. Nh4
Kg7 22. Rad1 Ba6 23. Rc1 Bc8 24. f4 e4 25. Nf3 Qf7 26. Qxf7+ Kxf7 27. Ne5+ Kf6
28. Kf2 Rxe5 29. fxe5+ Kxe5 30. Ke3 f4+ 31. gxf4+ Rxf4 32. Rf1 Rh4 33. Rf2 Rh3+
34. Ke2 Bg4+ 35. Ke1 e3 36. Rg2 Kf4 37. Rxg4+ Kxg4 38. Ke2 Kf4 39. Rh1 Ke5 40.
Kd3 b5 41. Re1 e2+ 42. Kxe2 bxc4 43. Kf2+ Kxd5 44. Kg2 Ra3 45. Re2 Kd4 46. Kf1
Kd3 47. Ke1 c3 48. Kd1 Ra4 49. Rg2 Re4 50. Rf2 c2+ 0-1

[Event "Julian Mazur Memorial"]
[Site "Wellington Chess Club"]
[Date "2017.08.31"]
[Round "7.03"]
[White "Nyberg, Michael"]
[Black "Perry, Roger"]
[Result "0-1"]
[WhiteElo "2101"]
[BlackElo "2125"]

1. d4 Nf6 2. e3 g6 3. Bd3 d5 4. Nd2 Bg7 5. Ne2 O-O 6. c3 c5 7. a4 b6 8. Ng3 Bb7
9. f4 e6 10. Nf3 Nbd7 11. O-O c4 12. Bc2 a6 13. b3 cxb3 14. Bd3 Qc7 15. Qxb3
Rfc8 16. Bd2 Ne8 17. h4 Nd6 18. h5 Nc4 19. Rac1 Qc6 20. hxg6 hxg6 21. Qc2 f5
22. Nh4 Kf7 23. Nf3 Bf6 24. Kf2 Rh8 25. Rh1 Kg7 26. Rh3 Rxh3 27. gxh3 Rh8 28.
Rh1 Bh4 29. Bc1 Nf6 30. Nxh4 Rxh4 31. Be2 Qd7 32. Bd1 Bc6 33. Qb3 Qe7 34. Bf3
b5 35. axb5 Bxb5 36. Be2 Qc7 37. Ba3 Nd2 $2 (37... Nxe3 $1 38. Kxe3 $2 Qxf4#)
38. Qb4 Nfe4+ 39. Nxe4 Nxe4+ 40. Ke1 Bxe2 41. Qf8+ Kh7 42. Be7 Qxc3+ 43. Kxe2
Qd2+ 0-1

[Event "Julian Mazur Memorial"]
[Site "Wellington Chess Club"]
[Date "2017.08.31"]
[Round "7.05"]
[White "Aldridge, Alan"]
[Black "Jackson, Ross"]
[Result "1/2-1/2"]
[WhiteElo "1936"]
[BlackElo "2020"]

1. d4 d5 2. c4 e6 3. Nc3 c6 4. Nf3 Nf6 5. Bg5 Nbd7 6. e3 Qa5 7. Bxf6 Nxf6 8.
Qc2 Ne4 9. Nd2 Nxd2 10. Qxd2 g6 11. cxd5 exd5 12. Bd3 Bg7 13. O-O O-O 14. Rfd1
Qd8 15. b4 Bg4 16. Rdc1 Qg5 17. b5 cxb5 18. Bxb5 a6 19. Be2 Bd7 20. Bf3 Bc6 21.
Nxd5 Bxd5 22. Rc5 Rfd8 23. Qa5 b5 24. h4 Qf6 25. Rxd5 Rxd5 26. e4 Qf4 27. exd5
Qxd4 28. Rd1 Qxh4 29. d6 Qd8 1/2-1/2

[Event "Julian Mazur Memorial"]
[Site "Wellington Chess Club"]
[Date "2017.08.31"]
[Round "7.06"]
[White "Chen, Wei Kai"]
[Black "Coghini, Phillip"]
[Result "1/2-1/2"]
[WhiteElo "1813"]
[BlackElo "1888"]

1. e4 e5 2. Nf3 Nc6 3. Bc4 Bc5 4. b4 Bxb4 5. c3 Ba5 6. O-O Nf6 7. d4 d6 8. d5
Ne7 9. Qa4+ c6 10. dxc6 bxc6 11. Rd1 Bd7 12. Rxd6 Bc7 13. Rd1 O-O 14. Bg5 Ng6
15. Nbd2 Qe7 16. Nf1 h6 17. Bxf6 gxf6 18. Ng3 Kh7 19. Rab1 Bb6 20. Rb2 Be6 21.
Rbd2 Rfd8 22. Bxe6 fxe6 23. Qxc6 Rxd2 24. Rxd2 Rd8 25. Rxd8 Bxd8 26. c4 Bb6 27.
h4 Nf4 28. a4 Kg7 29. Qb5 Nd3 30. Nh1 Qc7 31. h5 Nc5 32. Ng3 a6 33. Qe8 Qf7 34.
Qc6 Qc7 1/2-1/2

[Event "Julian Mazur Memorial"]
[Site "Wellington Chess Club"]
[Date "2017.08.31"]
[Round "7.07"]
[White "Thorpe, Richard"]
[Black "Stone, Andrew"]
[Result "1-0"]
[WhiteElo "1630"]
[BlackElo "2118"]

1. e4 c5 2. Nf3 Nc6 3. d4 cxd4 4. Nxd4 Qb6 { B32 Sicilian Defense: Godiva
Variation } 5. c3 Nf6 6. Qd3 a6 7. Nd2 g6 8. Nc4 Qc7 9. Be3 b5 10. Nd2 Bg7 11.
c4 Ne5 12. Qc2 Bb7 13. cxb5 Qxc2 14. Nxc2 axb5 15. f4 Nc4 16. Bxc4 bxc4 17. e5
Nd5 18. Nxc4 Ba6 19. Nb6 Nxe3 20. Nxe3 Rb8 21. Nbd5 Bd3 22. Rc1 Kd8 23. b3 d6
24. Kd2 Be4 25. exd6 exd6 26. Rc7 Ra8 27. a4 Ra5 28. Rxf7 Bxd5 29. Rxg7 Bxb3
30. Rb1 Be6 31. Rb8+ Bc8 32. Nc4 Rc5 33. Nb6 h5 34. Rd7+ Ke8 35. Rxd6 Kf7 36.
Nxc8 Rhxc8 37. Rxc8 Rxc8 38. Rd3 Rc4 39. a5 Ra4 40. Rd5 Rxf4 41. Kc3 Ra4 42.
Kb3 Ra1 43. Kb4 Rb1+ 44. Kc5 Rc1+ 45. Kb6 Rb1+ 46. Rb5 Ra1 47. a6 Re1 48. a7
Re6+ 49. Ka5 Re2 50. Rb8 Re5+ 51. Kb4 Re4+ 52. Kc5 Re5+ 53. Kd6 1-0

[Event "Julian Mazur Memorial"]
[Site "Wellington Chess Club"]
[Date "2017.08.31"]
[Round "7.08"]
[White "Sole, Michael"]
[Black "Stoeveken, Peter"]
[Result "1-0"]
[WhiteElo "1727"]
[BlackElo "1849"]

1. e4 c5 2. Nf3 Nc6 3. d4 cxd4 4. Nxd4 e5 5. Nb5 a6 6. Nd6+ Bxd6 7. Qxd6 Qf6 8.
Qd1 Nge7 9. Nc3 Qg6 10. Be3 b5 11. Bc5 b4 12. Nd5 Qxe4+ 13. Ne3 Qg6 14. Bd3 e4
15. Bc4 Qg5 16. Qd6 Qe5 17. Qxe5 Nxe5 18. Bxb4 Rb8 19. Bd6 Nxc4 20. Bxb8 Nxb2
21. Rb1 Na4 22. Rb4 Nc3 23. Be5 Nxa2 24. Rxe4 O-O 25. Bd6 Nc6 26. Bxf8 Kxf8 27.
Nd5 a5 28. Nb6 f5 29. Rf4 Ba6 30. Rxf5+ Ke8 31. Kd2 Nd4 32. Rxa5 Nb4 33. Nd5
Nbxc2 1-0

[Event "Julian Mazur Memorial"]
[Site "Wellington Chess Club"]
[Date "2017.08.31"]
[Round "7.09"]
[White "Winter, Ryan"]
[Black "Dixon, Hamish"]
[Result "1-0"]
[WhiteElo "1711"]
[BlackElo "1697"]

1. e4 b6 2. d4 Bb7 3. Bd3 e6 4. Nf3 c5 5. c3 Nc6 6. O-O Be7 7. d5 exd5 8. exd5
Nb8 9. c4 d6 10. Re1 Kf8 11. Nc3 Nd7 12. Bf4 Qc7 13. Nb5 Qb8 14. Rxe7 Nxe7 15.
Bxd6 Qd8 16. Qe2 Nf6 17. Re1 Ng8 18. Ng5 a6 19. Qf3 1-0

[Event "Julian Mazur Memorial"]
[Site "Wellington Chess Club"]
[Date "2017.08.31"]
[Round "7.11"]
[White "Meravanage, Satwik"]
[Black "Barraza, Jesse"]
[Result "0-1"]
[WhiteElo "1524"]
[BlackElo "1871"]

1. e4 d6 2. d4 Nf6 3. Nc3 Nbd7 4. Nf3 e5 5. Bg5 exd4 6. Nxd4 g6 7. Bb5 c6 8.
Nxc6 bxc6 9. Bxc6 Rb8 10. Nd5 Be7 11. Qd4 O-O 12. Bxd7 Nxd5 13. Bh6 Nf6 14.
Bxf8 Bxd7 15. Bxe7 Qxe7 16. O-O-O Be6 17. Kb1 Qb7 18. Qxf6 Qxe4 19. Qf3 Qa4 20.
Qa3 0-1

[Event "Julian Mazur Memorial"]
[Site "Wellington Chess Club"]
[Date "2017.08.31"]
[Round "7.12"]
[White "Darr, Samuel"]
[Black "Benitez, Edgar"]
[Result "0-1"]
[WhiteElo "1444"]
[BlackElo "1850"]

1. e4 e5 2. Nf3 Nc6 3. Bc4 Bc5 4. d3 Nf6 5. Nc3 h6 6. Be3 Bb4 7. a3 Be7 8. Qd2
d6 9. O-O-O Be6 10. Bxe6 fxe6 11. d4 Ng4 12. h3 Nxe3 13. fxe3 O-O 14. d5 exd5
15. exd5 Nb8 16. Kb1 Nd7 17. e4 a5 18. Rhf1 Nc5 19. Ng1 Qd7 20. Qe2 a4 21. Rf3
Rxf3 22. Nxf3 Rb8 23. Nh2 b5 24. Qg4 Qxg4 25. Nxg4 b4 26. axb4 Rxb4 27. Re1 Bg5
28. Ka2 Bd2 29. Re2 Bxc3 30. bxc3 Rxe4 31. Rxe4 Nxe4 32. c4 Kf7 33. Ne3 {Stops
making sense now. Black won soon} 0-1

[Event "Julian Mazur Memorial"]
[Site "Wellington Chess Club"]
[Date "2017.08.31"]
[Round "7.13"]
[White "He, Paul"]
[Black "Mullan, Brett"]
[Result "0-1"]
[WhiteElo "1051"]
[BlackElo "1750"]

1. e4 c5 2. c3 d6 3. d4 Nc6 4. Be3 e6 5. Bc4 Nf6 6. Nd2 a6 7. Qa4 Bd7 8. Qc2 b5
9. Bd3 cxd4 10. cxd4 Rc8 11. a4 Nxd4 12. Qb1 e5 13. f4 Ne6 14. f5 Nc5 15. axb5
Nxd3+ 16. Qxd3 Bxb5 17. Qb3 Qc7 18. Ne2 Be7 19. Qd1 O-O 20. O-O Qb7 21. Rf2
Nxe4 22. Nxe4 Qxe4 23. Bd2 Bh4 24. Ng3 Qc2 25. Qxc2 Rxc2 26. Bc3 Rxf2 27. Kxf2
f6 28. Kf3 d5 29. Rd1 d4 30. Be1 Rc8 31. Ne4 Bxe1 32. Rxe1 Bc6 33. Kf2 Rb8 34.
Re2 Bxe4 35. Rxe4 Rxb2+ 36. Re2 Rxe2+ 37. Kxe2 g6 38. fxg6 hxg6 0-1

[Event "Julian Mazur Memorial"]
[Site "Wellington Chess Club"]
[Date "2017.08.31"]
[Round "7.15"]
[White "He, Caleb"]
[Black "Wight, Joshua"]
[Result "0-1"]
[WhiteElo "1416"]
[BlackElo "1609"]

1. e4 b6 2. d4 Bb7 3. Nc3 e6 4. f4 Bb4 5. Bd3 Nf6 6. Ne2 Nxe4 7. a3 Nxc3 8.
bxc3 Be7 9. O-O d6 10. Bb2 Qd7 11. c4 Bf6 12. Rb1 Qc6 13. Rf2 Nd7 14. Ng3 O-O-O
15. Ne4 Rdg8 16. f5 d5 17. cxd5 Qxd5 18. c4 Qa5 19. Qd2 Qxd2 20. Nxd2 Re8 21.
Re1 exf5 22. Rxe8+ Rxe8 23. Bxf5 h6 24. h3 Kd8 25. Kh2 Re3 26. Bg4 Be4 27. Re2
Rxe2 28. Bxe2 Bg6 29. g4 c5 30. Nb3 Bc2 31. Nd2 Ke7 32. Nf3 Be4 33. Kg2 cxd4
34. Kf2 d3 35. Bxf6+ Kxf6 36. Bd1 Nc5 37. Ke3 Ke6 38. Kd4 f5 39. Nd2 Bg2 0-1

[Event "Julian Mazur Memorial"]
[Site "Wellington Chess Club"]
[Date "2017.08.31"]
[Round "7.16"]
[White "Bennett, Ezra"]
[Black "Leask, Hamish"]
[Result "0-1"]
[WhiteElo "1452"]
[BlackElo "1570"]

1. Nf3 Nf6 2. g3 d5 3. d4 g6 4. Bf4 Bg7 5. e3 O-O 6. c4 b6 7. Nc3 c6 8. cxd5
Nxd5 9. Nxd5 Qxd5 10. Bg2 Qb5 11. Qb3 Ba6 12. Qxb5 Bxb5 13. a4 Bc4 14. Ne5 Bd5
15. O-O Bxg2 16. Kxg2 Bxe5 17. Bxe5 Na6 18. Bf4 Rad8 19. Bh6 Rfe8 20. a5 b5 21.
f4 Rd5 22. Rac1 Rc8 23. Rf3 Rh5 24. Bg5 f6 25. Bh4 g5 26. fxg5 fxg5 27. Rf5 h6
28. d5 Nb4 29. dxc6 e6 30. Rxb5 Rxc6 31. Rd1 Nd5 32. e4 Ne3+ 0-1

[Event "Julian Mazur Memorial"]
[Site "Wellington Chess Club"]
[Date "2017.08.31"]
[Round "7.17"]
[White "Konakanchi, Karthik"]
[Black "Sknar, Andrew"]
[Result "1-0"]
[WhiteElo "1504"]
[BlackElo "1276"]

1. e4 e5 2. Bc4 Nf6 3. d4 d5 4. exd5 e4 5. Nc3 c5 6. Bg5 Bf5 7. Nge2 Be7 8. Ng3
Qc8 9. Bxf6 Bxf6 10. Ncxe4 Bxe4 11. Nxe4 Bxd4 12. Nd6+ Kd7 13. Nxc8 Kxc8 14.
O-O Bxb2 15. Rb1 Bd4 16. Re1 Bf6 17. Qg4+ Nd7 18. Rxb7 Rd8 19. Ba6 h5 20. d6
hxg4 21. Rb6# 1-0

[Event "Julian Mazur Memorial"]
[Site "Wellington Chess Club"]
[Date "2017.08.31"]
[Round "7.18"]
[White "Tagos, Bernardo"]
[Black "Wevers, Alexis"]
[Result "0-1"]
[WhiteElo "1427"]
[BlackElo "1654"]

1. c4 e5 2. Nc3 Nf6 3. Nf3 d6 4. d3 g6 5. g3 Bg7 6. Bg2 O-O 7. O-O c6 8. Rb1
Re8 9. e4 d5 10. cxd5 cxd5 11. Bg5 d4 12. Nd5 h6 13. Nxf6+ Bxf6 14. Bxh6 Be6
15. a3 Nd7 16. Qd2 a5 17. Bg5 Bb3 18. Rbc1 Qb6 19. Bxf6 Qxf6 20. Rc7 Nb6 21.
Qh6 Re7 22. Rfc1 Rxc7 23. Rxc7 Qd6 24. Qc1 a4 25. Bh3 Ra5 26. Nd2 Bc4 27. Rxc4
Nxc4 28. Qxc4 Rc5 29. Qxa4 Rc1+ 30. Bf1 Kg7 31. Kg2 Qb6 32. Nc4 Qf6 33. b4 b5
34. Qb3 bxc4 35. dxc4 Rc3 36. Qa2 Qf3+ 37. Kg1 Rxa3 38. Qd2 d3 39. b5 Ra1 40.
Qb2 Rxf1+ 41. Kxf1 Qh1# 0-1

[Event "Julian Mazur Memorial"]
[Site "Wellington Chess Club"]
[Date "2017.08.31"]
[Round "7.19"]
[White "Jacobsen-Grocott, Josiah"]
[Black "Van der Anker, Juan"]
[Result "0-1"]
[WhiteElo "1238"]
[BlackElo "1444"]

1. d4 d5 2. c4 dxc4 3. e4 g6 4. Bxc4 Bg7 5. Nf3 e6 6. O-O Nf6 7. Nc3 O-O 8. Bf4
b6 9. Nb5 Ba6 10. Bxc7 Qc8 11. Rc1 Bxb5 12. Bxb5 a6 13. Bxb8 Qxb8 14. Bc6 Ra7
15. Ne5 b5 16. d5 Qxe5 17. dxe6 Qxe6 18. Bd5 Nxd5 19. exd5 Qd7 20. Re1 Rd8 21.
Rc5 Rc7 22. Re8+ Rxe8 23. Rxc7 Qxc7 24. d6 Qxd6 25. Qb1 Qe5 26. g3 Qe1+ 27.
Qxe1 Rxe1+ 28. Kg2 Bxb2 0-1

[Event "Julian Mazur Memorial"]
[Site "Wellington Chess Club"]
[Date "2017.08.31"]
[Round "7.21"]
[White "Kibblewhite, Daniel"]
[Black "Asher, Bruce"]
[Result "1-0"]
[WhiteElo "1400"]
[BlackElo "1258"]

1. e4 c5 2. c3 Nc6 3. d4 e6 4. Nf3 Nf6 5. e5 Nd5 6. Nbd2 cxd4 7. cxd4 Bb4 8. a3
Ba5 9. b4 Bb6 10. Ne4 O-O 11. Bb2 h6 12. Be2 a5 13. b5 Nce7 14. O-O Nf5 15. Nc3
Nh4 16. Nxd5 exd5 17. Qb3 Nxf3+ 18. Bxf3 d6 19. Qxd5 Qe7 20. a4 dxe5 21. Ba3
Be6 22. Bxe7 Bxd5 23. Bxf8 Bxd4 24. Bxd5 Bxa1 25. Rxa1 Rxf8 26. Bxb7 Rd8 27.
Kf1 Kf8 28. Ke2 Ke7 29. Rd1 Rb8 30. Bc6 Ke6 31. Ke3 f5 32. Rd7 f4+ 33. Ke4 Kf6
34. Ra7 g5 35. Rxa5 Rd8 36. Bd5 g4 37. b6 Rg8 38. Bxg8 g3 39. hxg3 1-0

[Event "Julian Mazur Memorial"]
[Site "Wellington Chess Club"]
[Date "2017.08.31"]
[Round "7.22"]
[White "Nagrecha, Prashant"]
[Black "Konakanchi, Pramodh"]
[Result "1-0"]
[WhiteElo "899"]
[BlackElo "1106"]

1. d4 d5 2. Nf3 Nc6 3. Nc3 Nf6 4. e4 Nxe4 5. Nxe4 dxe4 6. Ng5 h6 7. Nxe4 Qxd4
8. Bb5 Qxe4+ 9. Qe2 Qb4+ 10. c3 Qd6 11. O-O b6 12. Rd1 Qf6 13. Qd2 Bb7 14. Qd7#
1-0

[Event "Julian Mazur Memorial"]
[Site "Wellington Chess Club"]
[Date "2017.08.31"]
[Round "7.23"]
[White "Proctor, Matthew"]
[Black "De Briey, Aurian"]
[Result "0-1"]
[WhiteElo "1464"]
[BlackElo "1300"]

1. e4 c6 2. d4 d5 3. c4 $6 {this move is kind of sillly. Gambiting the e-pawn
allows a speedier development, but it's not clear what White is going to do
with it. Nonetheless, it was fun, and it seemed to work out this time at least}
3... dxe4 4. Nc3 Nf6 5. Bg5 Bf5 (5... Qa5 $5 6. Qd2 $15)  ( {even the obvious}
5... h6 6. Bxf6 exf6 7. Nxe4 Qa5+ 8. Nc3 Bb4 $15 {allows Black freer
development, essentially refuting the gambit} ) 6. Qb3 (6. Nge2 $5 {plays out
very differently, and gives Black lots of different options} ) 6... b6 (6...
Nbd7 7. Qxb7 Rb8 8. Qxc6 Rxb2 $13)  (6... Qb6 7. Qxb6 axb6 $17) 7. O-O-O e6 $6
{ allowing the Queen to recapture on f6 is probably not worth the pin} 8. d5
cxd5 $2 {the Black queen needs to move to the c-file to avoid trouble} 9. cxd5
exd5 10. Rxd5 {the fork is the simplest continuation}  (10. Bxf6 Qxf6 11. Nxd5
$18 { is also effective} )  (10. Bb5+ Nbd7 11. Rxd5 Be6 12. Re5 $14) 10... Qc8
11. Bb5+ Bd7 12. Bxf6 gxf6 13. Kb1 $2 ( {there is no reason to play this
before} 13. Ne2) 13... Bh6 {hail Mary} 14. Nxe4 $4 {and it works!}  (14. Nge2
O-O (14... Bxb5 15. Qxb5+ Kf8 (15... Qc6 $18)  (15... Nc6 16. Rd6 $18) 16. Nxe4
$18) 15. Bxd7 Nxd7 16. Nxe4 $18) 14... Qc1# {This is the second time this year
I have given up a dominant position to a mate in 1 :'(} 0-1

[Event "Julian Mazur Memorial"]
[Site "Wellington Chess Club"]
[Date "2017.09.07"]
[Round "8.01"]
[White "Perry, Roger"]
[Black "Croad, Nicolas"]
[Result "0-1"]
[WhiteElo "2125"]
[BlackElo "2393"]

1. d4 Nf6 2. c4 e6 3. Nc3 Bb4 4. e3 O-O 5. Ne2 c6 6. a3 Ba5 7. b4 Bc7 8. g3 d5
9. cxd5 exd5 10. Bg2 Bf5 11. O-O Nbd7 12. b5 Nb6 13. bxc6 bxc6 14. a4 Nc4 15.
Ba3 Re8 16. Bc5 Qd7 17. a5 Bxa5 18. Qa4 Rab8 19. Ra2 h5 20. Rfa1 h4 21. Qd1
hxg3 22. hxg3 Bb6 23. Na4 Be4 24. Qc1 Qf5 25. Nec3 Bxg2 26. Kxg2 Ne4 27. Qd1
Nxg3 28. Qf3 Qxf3+ 29. Kxf3 Ne4 30. Nxe4 Rxe4 31. Nxb6 axb6 32. Bb4 Rbe8 33.
Ra8 Re6 34. Rxe8+ Rxe8 35. Ra7 Re6 36. Rb7 Rf6+ 37. Ke2 Kh7 38. Be7 Re6 39. Bd8
b5 40. Rxf7 Re8 41. Bh4 Rb8 42. Bg3 Rb6 43. Ra7 b4 44. Kd1 b3 45. Ra1 b2 46.
Rb1 Na3 0-1

[Event "Julian Mazur Memorial"]
[Site "Wellington Chess Club"]
[Date "2017.09.07"]
[Round "8.02"]
[White "Ker, Anthony"]
[Black "Dive, Russell"]
[Result "0-1"]
[WhiteElo "2489"]
[BlackElo "2434"]

1. e4 e5 2. Nf3 Nf6 3. Nxe5 d6 4. Nf3 Nxe4 5. Nc3 Nxc3 6. dxc3 Be7 7. Bf4 Nd7
8. Qd2 Nc5 9. O-O-O O-O 10. Be3 c6 11. Nd4 Ne4 12. Qd3 d5 13. f3 Nd6 14. Qd2
Re8 15. Qf2 Bd7 16. h4 b5 17. Qg3 Bf8 18. Bf4 Nc4 19. Kb1 Qb6 20. h5 a5 21. h6
g6 22. Bxc4 bxc4 23. Rhe1 a4 24. Bc7 Qb7 25. Bd6 Bxh6 26. f4 c5 27. Rh1 a3 28.
b3 cxb3 29. cxb3 Bf8 30. Rxh7 cxd4 31. Qh4 Bf5+ 32. Ka1 Bg7 33. Rh1 f6 34. g4
Be4 35. Rh3 dxc3 36. Rxc3 Rac8 37. Rc5 Rxc5 38. Bxc5 f5+ 0-1

[Event "Julian Mazur Memorial"]
[Site "Wellington Chess Club"]
[Date "2017.09.07"]
[Round "8.03"]
[White "Sellen, Ian"]
[Black "Timergazi, Layla"]
[Result "1/2-1/2"]
[WhiteElo "2056"]
[BlackElo "2158"]

1. c4 c6 2. d4 d5 3. Nc3 Nf6 4. Nf3 e6 5. Bg5 Nbd7 6. e3 Bb4 7. Qb3 Qa5 8. Bxf6
Nxf6 9. Nd2 O-O 10. Bd3 Bd6 11. Qc2 Re8 12. Nf3 dxc4 13. Bxc4 b5 14. Bd3 e5 15.
O-O h6 16. Ne4 Nxe4 17. Bxe4 Bb7 18. dxe5 Bxe5 19. Nxe5 Rxe5 20. Rfd1 1/2-1/2

[Event "Julian Mazur Memorial"]
[Site "Wellington Chess Club"]
[Date "2017.09.07"]
[Round "8.04"]
[White "Forster, Bill"]
[Black "Thorpe, Richard"]
[Result "1-0"]
[WhiteElo "2093"]
[BlackElo "1632"]

1. d4 e6 2. c4 Nf6 3. Nc3 Bb4 4. Qc2 h6 5. e4 d5 6. e5 Nfd7 7. Nf3 dxc4 8. Bxc4
Nc6 9. Be3 Nb6 10. Bd3 Nd5 11. O-O f5 12. exf6 Qxf6 13. Bg6+ Kd7 14. Rad1 Bxc3
15. bxc3 Nxc3 16. Ne5+ Ke7 17. Qxc3 Nxe5 18. Qc5+ 1-0

[Event "Julian Mazur Memorial"]
[Site "Wellington Chess Club"]
[Date "2017.09.07"]
[Round "8.05"]
[White "Jackson, Ross"]
[Black "Winter, Ryan"]
[Result "1/2-1/2"]
[WhiteElo "2020"]
[BlackElo "1711"]

1. d4 d5 2. c4 e6 3. Nc3 Nf6 4. cxd5 exd5 5. Bg5 Be7 6. e3 O-O 7. Bd3 c6 8. Qc2
Nbd7 9. Nf3 Re8 10. O-O Nf8 11. Rab1 Bg4 12. Ne5 Bh5 13. b4 a6 14. a4 Bg6 15.
Nxg6 hxg6 16. b5 axb5 17. axb5 Ne6 18. Bh4 g5 19. Bg3 g6 20. bxc6 bxc6 21. f3
c5 22. Bb5 Rf8 23. dxc5 Bxc5 24. Bf2 Qe7 25. Na4 Ba7 26. Qe2 Rad8 27. Rfd1 d4
28. exd4 Bxd4 29. Bxd4 (29. Rxd4 Rxd4 30. Bxd4 $18) 29... Rxd4 30. Rxd4 Qa7 31.
Qf2 Nxd4 32. Nc3 Nxb5 33. Nxb5 1/2-1/2

[Event "Julian Mazur Memorial"]
[Site "Wellington Chess Club"]
[Date "2017.09.07"]
[Round "8.06"]
[White "Aldridge, Alan"]
[Black "Chen, Wei Kai"]
[Result "1/2-1/2"]
[WhiteElo "1936"]
[BlackElo "1813"]

1. d4 d5 2. c4 e6 3. Nc3 Nf6 4. Nf3 Be7 5. e3 O-O 6. Bd3 b6 7. O-O Bb7 8. cxd5
exd5 9. Bd2 Nbd7 10. Rc1 c5 11. Ne5 Rc8 12. f4 Ne4 13. Nxd7 Qxd7 14. Be1 f5 15.
Bb5 Bc6 16. Bxc6 Qxc6 17. Nxe4 fxe4 18. Bc3 c4 19. Qd2 Rf6 20. Bb4 Bd6 21. Bxd6
1/2-1/2

[Event "Julian Mazur Memorial"]
[Site "Wellington Chess Club"]
[Date "2017.09.07"]
[Round "8.07"]
[White "Coghini, Phillip"]
[Black "Nyberg, Michael"]
[Result "0-1"]
[WhiteElo "1888"]
[BlackElo "2101"]

1. d4 Nf6 2. c4 e6 3. Nf3 Bb4+ 4. Bd2 Qe7 5. a3 Bxd2+ 6. Qxd2 b6 7. Nc3 Bb7 8.
g3 O-O 9. Bg2 Rd8 10. O-O d5 11. Ne5 c5 12. e3 cxd4 13. exd4 dxc4 14. Nxc4 Bxg2
15. Kxg2 Nc6 16. Nb5 Rac8 17. Rac1 Rd5 18. Ncd6 Rxd6 19. Nxd6 Qxd6 20. Rc2 Rd8
21. Rd1 h6 22. d5 Nxd5 23. Rdc1 Nce7 24. h4 Nf5 25. b4 Nde3+ 0-1

[Event "Julian Mazur Memorial"]
[Site "Wellington Chess Club"]
[Date "2017.09.07"]
[Round "8.08"]
[White "Mullan, Brett"]
[Black "Rossiter, Philip"]
[Result "1/2-1/2"]
[WhiteElo "1750"]
[BlackElo "1978"]

1. e4 d5 2. exd5 Nf6 3. d4 Bg4 4. Be2 Bxe2 5. Qxe2 Qxd5 6. Nf3 Nc6 7. c3 e6 8.
O-O O-O-O 9. Bf4 Nh5 10. Be3 h6 11. Ne1 g6 12. Qf3 Qxf3 13. Nxf3 Bd6 14. Nbd2
f5 15. Nc4 f4 16. Nxd6+ Rxd6 17. Bd2 g5 18. Rfe1 Rhd8 19. Ne5 Nxe5 20. Rxe5 Ng7
21. h4 Rd5 22. Rae1 c5 23. hxg5 hxg5 24. g3 cxd4 25. gxf4 dxc3 26. Bxc3 gxf4
27. Rxd5 Rxd5 28. Kg2 Nf5 29. Rxe6 Nd4 30. Bxd4 Rxd4 31. Re2 Kd7 32. Kf3 Kc6
33. Rc2+ Kd6 34. Ke2 Ke5 35. Rc5+ Kd6 36. Rc3 Rb4 37. b3 Ke5 38. Kf3 Rd4 39.
Rc5+ Kd6 40. Rf5 Rd2 41. Rxf4 Rxa2 42. Rc4 Rb2 43. Rc3 b5 44. Ke3 a5 45. f4 b4
46. Rd3+ Ke6 47. Kd4 Rf2 48. Re3+ Kd6 49. Ke4 Ke6 50. Kd4+ Kd6 51. Ke4 1/2-1/2

[Event "Julian Mazur Memorial"]
[Site "Wellington Chess Club"]
[Date "2017.09.07"]
[Round "8.09"]
[White "Benitez, Edgar"]
[Black "Stoeveken, Peter"]
[Result "1-0"]
[WhiteElo "1850"]
[BlackElo "1849"]

1. d4 Nf6 2. c4 d5 3. Nc3 c6 4. e3 Nbd7 5. Nf3 e6 6. Be2 Bd6 7. O-O O-O 8. b3
Re8 9. Bb2 Qc7 10. Rc1 Qa5 11. c5 Be7 12. a3 Qd8 13. b4 b6 14. b5 cxb5 15. c6
Nb8 16. c7 Qxc7 17. Nxb5 Qd7 18. Ne5 Qb7 19. Rc7 Qa6 20. Nd6 Qa5 21. Nxe8 Na6
22. Nxf6+ gxf6 23. Nc6 1-0

[Event "Julian Mazur Memorial"]
[Site "Wellington Chess Club"]
[Date "2017.09.07"]
[Round "8.10"]
[White "Barraza, Jesse"]
[Black "Sole, Michael"]
[Result "1/2-1/2"]
[WhiteElo "1871"]
[BlackElo "1727"]

1. e4 c5 2. Nc3 a6 3. a4 e6 4. Bc4 Nc6 5. Nf3 g6 6. d4 cxd4 7. Nxd4 Bg7 8. Be3
Nge7 9. O-O O-O 10. Qd2 d5 11. Nxc6 bxc6 12. exd5 cxd5 13. Bb3 Bb7 14. Bh6 Bxh6
15. Qxh6 Nf5 16. Qf4 Qh4 17. Qxh4 Nxh4 18. Ne2 e5 19. f3 d4 20. Rfe1 Bxf3 21.
gxf3 Nxf3+ 22. Kf2 Nxe1 23. Rxe1 Rab8 24. Nc1 Rfe8 25. Nd3 e4 26. Nc5 e3+ 27.
Kf3 Rb6 28. Ke2 Kg7 29. Kd3 1/2-1/2

[Event "Julian Mazur Memorial"]
[Site "Wellington Chess Club"]
[Date "2017.09.07"]
[Round "8.11"]
[White "Farrington, Lawrence"]
[Black "Day, Fabian"]
[Result "1/2-1/2"]
[WhiteElo "1838"]
[BlackElo "1784"]

1. e4 c5 2. c3 Nf6 3. e5 Nd5 4. d4 cxd4 5. Nf3 e6 6. cxd4 d6 7. Bd3 dxe5 8.
Nxe5 Nb4 9. Be4 Qh4 10. Nc3 N8c6 11. Nxc6 Nxc6 12. Be3 Bd6 13. Qf3 Bd7 14. g3
Qf6 15. Qxf6 gxf6 16. O-O Ne7 17. f4 Bc6 18. Rac1 Nd5 19. Nxd5 Bxd5 20. Bxd5
exd5 21. Bd2 f5 1/2-1/2

[Event "Julian Mazur Memorial"]
[Site "Wellington Chess Club"]
[Date "2017.09.07"]
[Round "8.12"]
[White "Stone, Andrew"]
[Black "Konakanchi, Karthik"]
[Result "1-0"]
[WhiteElo "2118"]
[BlackElo "1504"]

1. e4 e5 2. Nf3 Nc6 3. Bc4 Bc5 4. c3 Nf6 5. d4 Bb6 6. O-O d6 7. h3 O-O 8. Bg5
a6 9. Re1 Ba7 10. a4 Na5 11. Ba2 b5 12. axb5 axb5 13. Bxf7+ Rxf7 14. Rxa5 c6
15. Rxa7 Raxa7 16. dxe5 dxe5 17. Qxd8+ 1-0

[Event "Julian Mazur Memorial"]
[Site "Wellington Chess Club"]
[Date "2017.09.07"]
[Round "8.13"]
[White "Theodosiou, Andreas"]
[Black "Darr, Samuel"]
[Result "0-1"]
[WhiteElo "1493"]
[BlackElo "1444"]

1. d4 d5 2. Nf3 Nf6 3. c4 e6 4. Nc3 c5 5. cxd5 exd5 6. Bg5 Be6 7. e3 cxd4 8.
Qa4+ Qd7 9. Qxd4 Nc6 10. Qa4 Be7 11. Bb5 Ne4 12. Nxe4 dxe4 13. Bxe7 exf3 14.
Bc5 fxg2 15. Rg1 Rd8 16. Bxa7 Qd2# 0-1